QCM Multisports #1 - Statistiques

Statistiques générales
  • Ce quiz a été pris 54 fois
  • Le résultat moyen est 11 sur 20
Statistiques - réponses
Question Réponse % Correct
TENNIS - Laquelle de ces villes accueille un tournoi du Grand Chelem ? Melbourne
90%
ÉCHECS - Quelle est la nationalité de Magnus Carlsen, multiple champion du monde d'échecs ? Norvégienne
90%
MMA - A cause de quel élément inhabituel Cédric Doumbé a t-il perdu son combat face à Baki le 7 mars 2024 ? Une écharde s'est plantée dans son pied en plein combat
81%
BASEBALL - Quel terme utilise t-on lorsque le joueur parvient à faire immédiatement le tour complet de toutes les bases après avoir batté, sans erreur de la défense adverse ? Un home-run
79%
MOTO GP - Quel est à ce jour le seul pilote français champion du monde de Moto GP ? Fabio Quartararo
75%
FOOTBALL - Quelle est la seule nation à s'être toujours qualifiée pour les phases finales de coupe du monde ? Le Brésil
71%
GOLF - Comment appelle t-on le nombre de coups à jouer pour atteindre le trou ? Le par
69%
BOWLING - Quel est le score maximal que l'on peut atteindre en une partie de bowling ? 300
62%
CYCLISME - En 2021, quel cycliste a conservé son titre de champion du monde sur route ? Julian Alaphilippe
60%
TENNIS DE TABLE - Quel est l'acronyme du circuit international de tennis de table ? WTT
60%
DANSE - De quelle danse Chris Marques est-il triple champion du monde ? Salsa
58%
JEUX OLYPMIQUES - Où se dérouleront les JO d'été en 2032 ? Brisbane
54%
ATHLÉTISME - En quelle année Marie-Jo Pérec a t-elle obtenu son premier titre olympique ? 1992
52%
JEUX PARALYMPIQUES - Quel sport pratique Aurélie Aubert, sacrée championne paralympique en 2024 à domicile ? La boccia
52%
FORMULE 1 - En quelle année a t-on assisté à une dernière course polémique, offrant le premier titre de sa carrière à Max Verstappen ? 2021
50%
BASKETBALL - Combien d'équipes composent le championnat de France masculin de basketball ? 16
38%
HANDBALL - Quelle équipe féminine a remporté les championnats du monde de handball en 2023 ? France
33%
RUGBY - Au Tournoi des Six Nations, quel est le bon classement des équipes en fonction du nombre de Grands Chelems réalisés ? Angleterre / Pays de Galles / France / Irlande / Écosse / Italie
27%
NATATION - Quel(le) nageur(euse) a remporté le plus de médailles d'or en individuel aux championnats du monde de natation ? Katie Ledecky
19%
JUDO - Quel terme utilise l'arbitre pour désigner une fin d'immobilisation ? Toketa
10%
Aucun quiz correspondant
Distribution des résultats
% des personnes avec chaque résultat
Percentile par nombre de réponses
Votre historique - résultats
Vous n’avez pas pris ce quiz